Missing Word: Tom Hanks Quiz Stats

 Plays Quiz Updated Aug 22, 2012

Challenge
Share
Tweet
Embed
Score 0/22 Timer 02:00
0 Plays Today
Movie Missing Word % Correct
The Da Vinci _____Code
99.6%
Forrest _____Gump
97.8%
_____ Story 3Toy
97.2%
_____ Me If You CanCatch
97.1%
Sleepless in _____Seattle
95.4%
_____ & DemonsAngels
92.4%
The _____ MileGreen
90.5%
You've Got _____Mail
86.5%
A _____ of Their OwnLeague
83.3%
That _____ You Do!Thing
82%
_____ to PerditionRoad
80.5%
Movie Missing Word % Correct
Charlie Wilson's _____War
79.1%
The _____ ExpressPolar
77.6%
_____ AwayCast
66.3%
_____ & HoochTurner
65.9%
The _____ With One Red ShoeMan
54.9%
_____ 13Apollo
52%
The _____ PitMoney
51.6%
Joe Versus the _____Volcano
49.7%
The _____ of the VanitiesBonfire
32.4%
Nothing in _____Common
24.4%
_____ PartyBachelor
23.7%

Today's Daily Dose

You're not logged in!

Compare scores with friends on all Sporcle quizzes.
Join for Free
OR
Log In

You Might Also Like...

Show Comments

Extras

Top Quizzes Today


Score Distribution

Your Account Isn't Verified!

In order to create a playlist on Sporcle, you need to verify the email address you used during registration. Go to your Sporcle Settings to finish the process.

Report this User

Report this user for behavior that violates our Community Guidelines.

Details: